000 00717nas a2200253 4500
001 BR2012007567
003 BR-BrBNA
005 20231205121252.0
007 ta
008 230509b bl.|||p| |||| 00| 00por d
040 _aBR-BrBNA
_bpor
_cBiblioteca Nacional de Agricultura
041 _a(Pt)
072 _aL73; B50
100 1 _aSaukas, T.N.
245 1 _aInfluenza A subtipo H1N1 de 2009; uma nova pandemia
650 _aINLUENZA AVIÁRIA
650 _aGENE
650 _aMUTAÇÃO
650 _aHISTÓRIA
650 _aEPIDEMIA
773 0 _tRevista CFMV (Brazil)
_xISSN 1517-6959
_g(Jan-Mar 2009), v. 15(46) p. 8-12
_wBR2012007567
909 _a202311
_bLúcia
_c55
_dLúcia Elande
942 _2AGRIS
_n0
_cANA
999 _c222660
_d222660